000 00830nam a22002057a 4500
001 EIF-III-1998-M1-001
003 OSt
005 20230109151903.0
008 221031b |||||||| |||| 00| 0 eng d
040 _cFundación Jesús Pereda
041 _aCastellano
100 _aRodríguez González, José Javier
_9183
111 _994
_aEncuentro de Investigadores del Franquismo
_c(Sevilla.
_d1998.
_n3º)
245 _aLa Comisaría general de abastecimientos y transportes:
_blos productos intervenidos
_c/José Javier Rodríguez González
650 0 _9124
_aEstudio socioeconómico
650 0 _9190
_aAgricultura
773 _tActas del III Encuentro de Investigadores del Franquismo
_g005-010 p.
856 _uhttps://bibliotecaccoocyl.fundacionjesuspereda.es/cgi-bin/koha/opac-retrieve-file.pl?id=c0c870bb5f77e6224a7294683da0147a
942 _2ddc
_cCF
_n0
999 _c59
_d59